000 00765nam a2200265Ia 4500
001 Para_7625
003 CHAP
008 220125s1983 xx 000 0 und d
010 _a206519
040 _cCHAP
082 _aPA 632.7 P43
100 _aPedroza Sandoval, Aurelio
_986574
245 _aCurso de fitopatología general /
_c por Aurelio Pedroza Sandoval
260 _aChapingo, Méx. :
_b UACh. Departamento de Zonas Aridas
300 _a246 p.
650 _aFitopatología
_x estudio y enseñanza
_941168
710 _aUACh. Departamento de Zonas Aridas
901 _aPA 632.7 P43
902 _aA
905 _a0000001983 a 0000000000 00
910 _a1983
942 _cPARA
942 _cPARA
_d1
999 _c206519
_d206519